|
|
|
|
| LEADER |
01235nam a22002897a 4500 |
| 001 |
31211 |
| 003 |
BD-DhAAL |
| 005 |
20190519123109.0 |
| 008 |
160807s2012 enk||||| |||| 00| 0 eng d |
| 999 |
|
|
|c 37744
|d 37744
|
| 020 |
|
|
|a 9780500290255
|
| 020 |
|
|
|a 0500290253
|
| 040 |
|
|
|a BD-DhAAL
|c BD-DhAAL
|
| 082 |
|
|
|2 23
|a 720.151
|
| 100 |
|
|
|a Burry, Jane
|9 20255
|
| 245 |
|
|
|a The new mathematics of architecture /
|c Jane Burry; Mark Burry
|
| 260 |
|
|
|a London :
|b Thames & Hudson,
|c 2012
|
| 300 |
|
|
|a 272 pages :
|b illustrations (chiefly color) ;
|c 24 cm.
|
| 500 |
|
|
|a Includes index.
|
| 505 |
|
|
|a Foreword: Weapons of the gods / by Brett Steele --
Introduction: Mathematics and design --
Mathematical surfaces and seriality --
Chaos, complexity, emergence --
Packing and tiling --
Optimization --
Topology --
Datascapes and multi-dimensionality.
|
| 526 |
|
|
|a ARC
|
| 541 |
|
|
|e 31211
|
| 650 |
|
|
|a Architecture
|x Mathematics
|9 20256
|
| 700 |
|
|
|a Burry, Mark
|9 20257
|
| 852 |
|
|
|a Ayesha Abed Library
|c General Stacks
|
| 942 |
|
|
|2 ddc
|c BK
|
| 952 |
|
|
|0 0
|1 4
|2 ddc
|4 0
|6 720_151000000000000_BUR
|7 0
|9 59507
|a BRACUL
|b BRACUL
|c GEN
|d 2016-08-07
|e Karim International
|g 2940.00
|l 0
|o 720.151 BUR
|p 3010031211
|r 2016-08-07
|t 1
|w 2016-08-07
|y BK
|x Koha Inventory 2020
|